Top 30 Drake Songs - Statistics

General Stats
  • This quiz has been taken 56 times
  • The average score is 9 of 30
Answer Stats
# Song Rating % Correct
3. Headlines 91
64%
24. Over 84
62%
1. Passionfruit 92
57%
27. Take Care 83
57%
10. Marvins Room / Buried Alive 88
55%
19. Over My Dead Body 85
47%
8. Hold On, We're Going Home 88
45%
4. Jungle 91
43%
16. Best I Ever Had 85
38%
5. Tuscan Leather 90
36%
2. Pound Cake / Paris Morton Music 2 91
32%
7. Lord Knows 89
30%
18. Nice For What 85
30%
6. 6PM In New York 89
28%
26. Do Not Disturb 83
28%
17. From Time 85
28%
9. Know Yourself 88
28%
20. Crew Love 84
26%
11. Energy 87
23%
21. Star67 84
21%
12. Too Much 87
21%
14. 5AM in Toronto 87
19%
30. 6 God 83
19%
13. Furthest Thing 87
15%
28. The Motion 83
15%
29. No Tellin' 83
11%
25. Under Ground Kings 84
6%
23. Fear 84
4%
22. Family Matters 84
2%
15. Girls Need Love (Remix) 87
2%
No matching quizzes found
Score Distribution
Percent of People with Each Score
Percentile by Number Answered
Your Score History
You have not taken this quiz